Стандарты и технические условия в издательском деле (Запись № 7593808)

Подробности
000 -МАРКЕР
контрольное поле 01739nam0a22003371 4500
001 - ИДЕНТИФИКАТОР ЗАПИСИ
контрольное поле rc\2150281
005 - ИДЕНТИФИКАТОР ВЕРСИИ
контрольное поле 20260407100945.0
035 ## - ДРУГИЕ СИСТЕМНЫЕ НОМЕРА
Идентификатор записи (NLR Aleph) 006635377
100 ## - ДАННЫЕ ОБЩЕЙ ОБРАБОТКИ
Данные общей обработки 20110829d1979 |||y0rusy50 ca
101 0# - ЯЗЫК РЕСУРСА
Язык текста, звукозаписи и т.д. русский
102 ## - СТРАНА ПУБЛИКАЦИИ ИЛИ ПРОИЗВОДСТВА
Страна публикации Российская Федерация
105 ## - ПОЛЕ КОДИРОВАННЫХ ДАННЫХ: ТЕКСТОВЫЕ МАТЕРИАЛЫ, МОНОГРАФИЧЕСКИЕ
Кодированные данные о монографическом текстовом документе y c |||||
200 1# - ЗАГЛАВИЕ И СВЕДЕНИЯ ОБ ОТВЕТСТВЕННОСТИ
Основное заглавие Стандарты и технические условия в издательском деле
Сведения, относящиеся к заглавию Ретросп. указ.
Первые сведения об ответственности Сост. Семеновкер Б.А.
210 ## - ПУБЛИКАЦИЯ, РАСПРОСТРАНЕНИЕ И ДР.
Место издания, распространения и т.д. Москва
Имя издателя, распространителя и т. д. Книга
Дата издания, распространения и т.д. 1979
215 ## - ФИЗИЧЕСКАЯ ХАРАКТЕРИСТИКА
Специфическое обозначение материала и объем 23 с.
Размеры 22
225 1# - СЕРИЯ
Основное заглавие серии Издательское дело
Сведения, относящиеся к заглавию Библиогр. информ.
Сведения об ответственности Всесоюз. кн. палата, Центр. бюро НТИ и техн.-экон. исслед. по изд. делу, полигр. пром-сти и кн. торговле
300 ## - ОБЩИЕ ПРИМЕЧАНИЯ
Текст примечания В вып. дан. авт.: Семеновкер Борис Арьевич
300 ## - ОБЩИЕ ПРИМЕЧАНИЯ
Текст примечания Сост. указан в вып. дан.
309 ## - ПРИМЕЧАНИЯ ОБ ОСНОВНОМ ИСТОЧНИКЕ ИНФОРМАЦИИ И ОБ ОСОБЕННОСТЯХ ПОЛИГРАФИЧЕСКОГО ОФОРМЛЕНИЯ ИЗДАНИЯ
Текст примечания Без тит. л. и обл.
700 #1 - ИМЯ ЛИЦА - ПЕРВИЧНАЯ ОТВЕТСТВЕННОСТЬ
Графика поля Кириллица
Материалы, к которым относится поле rus
Начальный элемент ввода Семеновкер
Часть имени, кроме начального элемента ввода Б. А.
Даты 1935-
Расширение инициалов личного имени Борис Арьевич
Системный номер авторитетной/нормативной записи 153350
Идентификатор авторитетной/нормативной записи RU\NLR\AUTH\770153388
712 02 - НАИМЕНОВАНИЕ ОРГАНИЗАЦИИ - ВТОРИЧНАЯ ОТВЕТСТВЕННОСТЬ
Код отношения Прочие
Начальный элемент ввода Центральное бюро научно-технической информации и технико-экономических исследований по полиграфической промышленности, издательскому делу и книжной торговле
Идентифицирующий признак Москва
Идентификатор авторитетной/нормативной записи RU\NLR\AUTH\889927778
Системный номер авторитетной/нормативной записи 351171
801 #0 - ИСТОЧНИК ЗАПИСИ
Страна Российская Федерация
Организация NLR
Правила каталогизации psbo
801 #1 - ИСТОЧНИК ЗАПИСИ
Страна Российская Федерация
Организация ELAR
Источник данных rusmarc
852 ## - МЕСТОНАХОЖДЕНИЕ И ШИФР ХРАНЕНИЯ
Идентификатор организации NLR
Шифр хранения (Call Number) Пт 10.1/925-79
899 ## - ДАННЫЕ О МЕСТОНАХОЖДЕНИИ (устаревшее)
Местонахождение RuMoRGB
Шифр хранения B 79-44/1370
899 ## - ДАННЫЕ О МЕСТОНАХОЖДЕНИИ (устаревшее)
Местонахождение RuMoRGB
Шифр хранения B 79-44/1371
899 ## - ДАННЫЕ О МЕСТОНАХОЖДЕНИИ (устаревшее)
Местонахождение RuMoRGB
Шифр хранения КБ
942 ## - ДОПОЛНИТЕЛЬНЫЕ ЭЛЕМЕНТЫ ЗАПИСИ (АБИС)
Тип экземпляра АБИС Книга
980 ## - КОЛЛЕКЦИЯ
Название коллекции Национальная библиография
Экземпляры
Тип экземпляра Дата поступления Библиотека постоянного хранения Библиотека текущего хранения Место хранения Шифр хранения Штрих-код Статус экземпляра
Книга 26.10.2013 РНБ (Московский) РНБ (Московский) Фонд нормативно-технических и технических документов Пт 10.1/925-79 6635377-40